MARC details
| 000 -CABECERA |
| campo de control de longitud fija |
01377nam a2200277 a 4500 |
| 001 - NÚMERO DE CONTROL |
| campo de control |
000048721 |
| 003 - IDENTIFICADOR DEL NÚMERO DE CONTROL |
| campo de control |
DO-SdBNP |
| 005 - FECHA Y HORA DE LA ÚLTIMA TRANSACCIÓN |
| campo de control |
20220805090616.0 |
| 008 - DATOS DE LONGITUD FIJA--INFORMACIÓN GENERAL |
| campo de control de longitud fija |
190410s2001 dr a gr 001 spa d |
| 040 ## - FUENTE DE LA CATALOGACIÓN |
| Centro catalogador/agencia de origen |
DO-SdBNP |
| Lengua de catalogación |
spa |
| Centro/agencia transcriptor |
BNPHU |
| 082 #4 - NÚMERO DE LA CLASIFICACIÓN DECIMAL DEWEY |
| Número de edición |
22 |
| Número de documento/Ítem |
R426j |
| 110 1# - ENTRADA PRINCIPAL--NOMBRE DE ENTIDAD CORPORATIVA |
| Nombre de entidad corporativa o nombre de jurisdicción como elemento de entrada |
República Dominicana |
| Unidad subordinada |
Jefatura de Estado Mayor de la Fuerza Aérea de San Isidro |
| 9 (RLIN) |
82163 |
| 245 10 - MENCIÓN DE TÍTULO |
| Título |
Reglamento de uniformes de la Fuerza Aérea Dominicana. / |
| 260 ## - PUBLICACIÓN, DISTRIBUCIÓN, ETC. |
| Lugar de publicación, distribución, etc. |
Santo Domingo : |
| Nombre del editor, distribuidor, etc. |
Editora Nomara, |
| Fecha de publicación, distribución, etc. |
2001 |
| 300 ## - DESCRIPCIÓN FÍSICA |
| Extensión |
178 p. ; |
| Material acompañante/anejo |
il. ; |
| Dimensiones |
21 cm. |
| 505 0# - NOTA DE CONTENIDO CON FORMATO |
| Nota de contenido con formato |
Presentación. |
| 505 0# - NOTA DE CONTENIDO CON FORMATO |
| Nota de contenido con formato |
Capítulo I. |
| Título |
Disposiciones Generales. |
| 505 0# - NOTA DE CONTENIDO CON FORMATO |
| Nota de contenido con formato |
Capítulo II. |
| Título |
Clasificación de los uniformes. |
| -- |
Uniformes para Oficiales Masculinos.-- |
| -- |
Uniformes para Oficiales Femeninos.-- |
| -- |
Uniformes para Aliados.-- |
| -- |
Uniformes para camarero.-- |
| -- |
OM- 1 Uniformes para el Personal del Hospital "Ramón de Lara", "Fuerza Aérea Dominicana"-- |
| -- |
OE- 1 y AE- 1 Uniformes para de Maternidad para Oficiales y Aliados.-- |
| 505 0# - NOTA DE CONTENIDO CON FORMATO |
| Nota de contenido con formato |
Capítulo III. |
| Título |
Componentes Uniformes. |
| 505 0# - NOTA DE CONTENIDO CON FORMATO |
| Nota de contenido con formato |
Capítulo IV. |
| Título |
Insignias y Distintivos. |
| 505 0# - NOTA DE CONTENIDO CON FORMATO |
| Nota de contenido con formato |
Capítulo V. |
| Título |
Uso Correcto y Medidas de las Insignias. |
| 590 ## - NOTA LOCAL (RLIN) |
| Nota local |
Inventariado 2022 / MF |
| 650 #4 - PUNTO DE ACCESO ADICIONAL DE MATERIA--TÉRMINO DE MATERIA |
| 9 (RLIN) |
79571 |
| Término de materia o nombre geográfico como elemento de entrada |
Jefatura de Estado Mayor de la Fuerza Aérea Dominicana San Isidro |
| Subdivisión general |
Reglamento Uniformes |
| Subdivisión geográfica |
República Dominicana |
| 910 ## - DATOS DE OPCIÓN DEL USUARIO (OCLC) |
| Datos de opción del usuario |
MFeliz |
| 942 ## - ELEMENTOS DE PUNTO DE ACCESO ADICIONAL (KOHA) |
| Fuente del sistema de clasificación o colocación |
Dewey Decimal Classification |
| Tipo de ítem Koha |
Libro |